000 01094cam a22003377a 4500
003 CHAP
005 20220329133039.0
008 971013s1990 r 00010 d
010 _a1589
011 _a2561
035 _a1756
040 _cCHAP
090 _aTesis
100 0 0 _aRojas Borjas, Hortensia.
_999280
245 0 _aEvaluación de 16 variedades de trigo (Triticum spp.) en Marín, N. L. ciclo otoño invierno 1988
260 _aEl autor,
_c1990
300 _a81 h.
_b: ilus.
502 _aTesis (Ing. Agr. Fitotecnista) -- UANL. Facultad de Agronomía
590 _aALEPH
_b10
_c20130110
_lUCH01
_h1208
590 _aBATCH-UPD
_b10
_c20130110
_lUCH01
_h1410
590 _aBATCH-UPD
_b10
_c20130410
_lUCH01
_h0857
590 _aBATCH-UPD
_b10
_c20130914
_lUCH01
_h2053
590 _aCONVERSION
_b10
_c20130109
_lUCH01
_h1302
650 1 4 _aTrigo
_xMejoramiento.
_9115057
650 1 4 _aTrigo
_xNuevo León.
_9115069
650 1 4 _aTrigo
_xRendimiento.
_9115092
650 1 4 _aTrigo
_xVariedades.
_9115119
901 _aBK
942 _cTESIS
949 _bBC
_cTES
_d-11249
_eTS1
_h23678
_i1756
_si
999 _c1589
_d1589